[Event "Madrid Chamartin op 8th"]
[Site "Madrid"]
[Date "2019.09.10"]
[Round "3"]
[White "Levitan, Caleb Levi"]
[Black "Isabel Huertas, Pedro"]
[Result "1-0"]
[WhiteElo "1412"]
[BlackElo "1039"]
[PlyCount "86"]
[EventDate "2019.09.09"]
[EventType "swiss"]
[EventRounds "9"]
[EventCountry "ESP"]
[SourceTitle "CBM 192 Extra"]
[Source "Chessbase"]
[SourceDate "2019.11.06"]
[SourceVersion "1"]
[SourceVersionDate "2019.11.06"]
[SourceQuality "1"]

1. e4 e5 2. Nf3 Nc6 3. Bc4 Nf6 4. Ng5 d5 5. exd5 Nxd5 6. d4 Nxd4 7. c3 Ne6 8. Qxd5 Qxd5 9. Bxd5 c6 10. Bb3 f6 11. Nxe6 Bxe6 12. Bxe6 Ke7 13. Bb3 Rd8 14. 0-0 Rd6 15. Be3 Kd8 16. Na3 Kc7 17. Rad1 Be7 18. Rxd6 Bxd6 19. Rd1 Rd8 20. Nc4 b5 21. Nxd6 Rxd6 22. Rxd6 Kxd6 23. Bxa7 c5 24. Kf1 c4 25. Bc2 h6 26. Ke2 Kd5 27. Ke3 Ke6 28. Be4 f5 29. Bc6 Kd6 30. Bxb5 f4+ 31. Ke4 g5 32. Bxc4 h5 33. Be2 g4 34. Bb8+ Ke6 35. Bxe5 f3 36. gxf3 gxf3 37. Bxf3 h4 38. a4 h3 39. a5 Kd7 40. Kd5 Ke7 41. a6 Kf7 42. a7 Ke7 43. a8Q Kf7 1-0